| 000 | 00432cam a22001217a 4500 | ||
|---|---|---|---|
| 008 | 180718b2003 xxu||||| |||| 00| 0 eng d | ||
| 082 | _aAB L324g | ||
| 100 | _aLari, Sayyid Mujtaba Musavi | ||
| 245 |
_aGod and his attributes: lessons on islamic doctrine (book one) _cby Syyid Mujtaba Musavi Lari |
||
| 260 |
_aQom, I.R. _bFoundation of Islamic Cultural Propagation in the World _c2003 |
||
| 300 | _a206p. | ||
| 650 | _aIslam - Doctrines | ||
| 999 |
_c492760 _d492760 |
||